00511nam a2200169Ia 4500003000900000008004100009020002200050040001600072080001300088100002100101245009600122250001200218260004000230300001400270650004000284650001700324IN-BaIIA211028s9999 xx 000 0 eng d a978-0-470-01831-6 cIIA Library a523bJON aJones, Barrie W. 0aDiscovering the solar systemcBarrie W. Jones  a2nd ed. aChichesterbJohn Wiley & Sonsc2007 axv, 453p. aInteriors of planets and satellites aSolar system